|
|
|
|
| LEADER |
01414nam a2200337 a 4500 |
| 001 |
39949 |
| 003 |
BD-DhAAL |
| 008 |
221106t2008 enka b 001 0 eng d |
| 999 |
|
|
|c 44428
|d 44428
|
| 010 |
|
|
|a 2008279092
|z 2008301135
|
| 020 |
|
|
|a 9780199219865 (pbk)
|
| 020 |
|
|
|a 9780199219858
|
| 040 |
|
|
|a DLC
|c DLC
|d DLC
|d BD-DhAAL
|
| 050 |
0 |
0 |
|a QA241
|b .H28 2008
|
| 082 |
0 |
0 |
|a 512.7
|2 22
|
| 100 |
1 |
|
|a Hardy, G. H.
|q (Godfrey Harold),
|d 1877-1947.
|9 52200
|
| 245 |
1 |
3 |
|a An introduction to the theory of numbers /
|c G.H. Hardy and E.M. Wright.
|
| 250 |
|
|
|a Sixth edition /
|b [revised by D.R. Heath-Brown and J.H. Silverman].
|
| 260 |
|
|
|a Oxford ;
|a New York :
|b Oxford University Press ;
|c 2008.
|
| 300 |
|
|
|a xxi, 621 pages :
|b illustrations ;
|c 24 cm.
|
| 504 |
|
|
|a Includes bibliographical references (pages [597]-600) and indexes.
|
| 526 |
|
|
|a MNS
|
| 541 |
|
|
|a Book Finder International
|e 39949
|
| 650 |
|
0 |
|a Number theory.
|9 52201
|
| 650 |
|
0 |
|a Mathematics.
|9 52202
|
| 700 |
1 |
|
|a Wright, E. M.
|q (Edward Maitland),
|d 1906-2005.
|9 52203
|
| 700 |
1 |
|
|a Heath-Brown, D. R.
|9 52204
|
| 700 |
1 |
|
|a Silverman, Joseph H.,
|d 1955-
|9 52205
|
| 852 |
|
|
|a Ayesha Abed Library
|c General Stacks
|
| 942 |
|
|
|2 ddc
|c BK
|
| 952 |
|
|
|0 0
|1 0
|2 ddc
|4 0
|6 512_700000000000000_HAR
|7 0
|9 72167
|a BRACUL
|b BRACUL
|c GEN
|d 2022-10-27
|e Book Finder International
|g 2180.40
|l 6
|m 20
|o 512.7 HAR
|p 3010039949
|q 2026-05-18
|r 2026-05-05
|s 2026-05-05
|t 1
|v 2180.40
|w 2022-10-27
|y BK
|